000 00690nam a2200241Ia 4500
003 OSt
005 20220926014009.0
006 a|||||r|||| 00| 0
007 ta
008 220923b |||||||| |||| 00| 0 eng d
037 _cGeneral Book
040 _aRTL
_cRTL
_beng
041 _2eng
_aeng
082 _aY:45, L0
100 _aRoss Edward Alsworth
_9298491
245 0 _aSocial control
260 _aNew York
_bJohnson Reprint Corporation
_c1970
300 _axx,463p
_ccm.
490 _aSeries in American Studies. Ed by Joseph J Kwiat
500 _aBibliography : P 443-448
942 _hY:45, L0
_cGB
_2CC
999 _c627418
_d627418